Statistics for Guess the 1970s song lyrics #271

Click here to take the quiz!

General Stats

  • This quiz has been taken 9 times
  • The average score is 67 of 145

Answer Stats

Answer% Correct
In
100%
in
100%
war
100%
and
89%
for
89%
go
89%
No
89%
of
89%
On
89%
on
89%
that
89%
the
89%
thei
89%
they
89%
They
89%
to
89%
where
89%
As
78%
is
78%
all
67%
at
67%
Oh
67%
out
67%
should
67%
their
67%
Why
67%
have
56%
his
56%
like
56%
Now
56%
will
56%
comes
44%
has
44%
Just
44%
just
44%
machine
44%
masses
44%
more
44%
only
44%
people
44%
pigs
44%
Time
44%
yeah
44%
black
33%
day
33%
Day
33%
fight
33%
gathered
33%
Generals
33%
Making
33%
tell
33%
world
33%
calling
22%
Death
22%
destruction
22%
Evil
22%
God
22%
judgment
22%
Judgment
22%
laughing
22%
Politicians
22%
power
22%
Satan
22%
started
22%
witches
22%
Ashes
11%
away
11%
Begging
11%
bodies
11%
brainwashed
11%
burning
11%
chess
11%
construction
11%
crawling
11%
darkness
11%
death's
11%
fields
11%
fun
11%
Hand
11%
hatred
11%
hide
11%
hour
11%
keeps
11%
knees
11%
leave
11%
Lord
11%
mankind
11%
mercies
11%
minds
11%
pawns
11%
plot
11%
Poisoning
11%
poor
11%
sins
11%
Sorcerer
11%
spreads
11%
stops
11%
struck
11%
themselves
11%
till
11%
Treating
11%
turning
11%
Wait
11%
wings
11%

Score Distribution

Percentile by Number Answered

Percent of People with Each Score

Your Score History

You have not taken this quiz